What does it cost to do up a school? (Record no. 82669)

MARC details
000 -LEADER
fixed length control field 00609cab a22001815a 4500
001 - CONTROL NUMBER
control field L150900
008 - FIXED-LENGTH DATA ELEMENTS--GENERAL INFORMATION
fixed length control field 100914e20100910xxk f 000 0 eng d
035 ## - SYSTEM CONTROL NUMBER
System control number (Sirsi) u150900
041 0# - LANGUAGE CODE
Language code of text/sound track or separate title eng
100 1# - MAIN ENTRY--PERSONAL NAME
Personal name Rawlinson, Simon
245 01 - TITLE STATEMENT
Title What does it cost to do up a school?
260 ## - PUBLICATION, DISTRIBUTION, ETC.
Date of publication, distribution, etc. 2010
490 ## - SERIES STATEMENT
Series statement Building
Volume/sequential designation 275 (8645) 10 September 2010, 54-55(2)
520 ## - SUMMARY, ETC.
Summary, etc. Cost range and typical repairs and alterations for Victorian, Interwar/postwar and Sixties schools; adapting school buildings to support modern teaching.
590 ## - LOCAL NOTE (RLIN)
Local note KA
690 ## - LOCAL SUBJECT ADDED ENTRY--TOPICAL TERM (OCLC, RLIN)
Topical term or geographic name as entry element BUILT ENVIRONMENT-BUILDING COSTS
942 ## - ADDED ENTRY ELEMENTS (KOHA)
Suppress in OPAC 0
Holdings
Withdrawn status Lost status Source of classification or shelving scheme Damaged status Not for loan Home library Current library Shelving location Date acquired Total Checkouts Full call number Barcode Date last seen Copy number Price effective from Koha item type
    Dewey Decimal Classification     London London Journal article 14/09/2010   L150900 150900-1001 06/08/2019 1 06/08/2019 Journal article